000 00650nam a2200205Ia 4500
005 20241129105836.0
008 241129s9999||||xx |||||||||||||| ||und||
037 _aTB
040 _aARTS
_beng
_cARTS
041 _aeng
_2urd
084 _aO168,3NGH1:g Q0
_qARTS
100 _aAshraf Humayun Au.; Mujtaba Jamil Akhtar Au.
_9726483
245 0 _aGhayas Ahmad Gaddi: fard aur funkar
_cAshraf Humayun Au.; Mujtaba Jamil Akhtar Au.
260 _aBokaro, India
_bBokaro Ehtesab Publications
_c2014
300 _a455p.
365 _aINR
_b200
650 _aUrdu Fiction
_93298
942 _cTB
_hO168,3NGH1:g Q0
999 _c1226240
_d1226240